| Tag |
First Indicator |
Second Indicator |
Subfields |
| LEADER |
00000cam a22000001 4500 |
| 001 |
in00000027489 |
| 005 |
20151007061352.0 |
| 008 |
730330s1961 enkcgh 000 0 eng |
| 010 |
|
|
|a 61001880
|
| 015 |
|
|
|a GB61-5209
|
| 019 |
|
|
|a 30245669
|
| 035 |
|
|
|a (OCoLC)ocm00593453
|
| 035 |
|
|
|a (OCoLC)00593453
|
| 035 |
|
|
|9 AAD1898AM
|
| 040 |
|
|
|a DLC
|c KSU
|d DLC
|d UKM
|d OCLCQ
|d UtOrBLW
|
| 043 |
|
|
|a e-uk-en
|
| 049 |
|
|
|a TXAM
|
| 050 |
0 |
0 |
|a ML410.W647
|b A3
|
| 082 |
0 |
4 |
|a 780.924
|2 18
|
| 100 |
1 |
|
|a Whythorne, Thomas,
|d 1528-
|
| 245 |
1 |
4 |
|a The autobiography of Thomas Whythorne /
|c Edited by James M. Osborn.
|
| 264 |
|
1 |
|a Oxford :
|b Clarendon Press,
|c 1961.
|
| 300 |
|
|
|a 328 pages :
|b portraits, facsimiles (including music) ;
|c 22 cm.
|
| 336 |
|
|
|a text
|b txt
|2 rdacontent
|
| 337 |
|
|
|a unmediated
|b n
|2 rdamedia
|
| 338 |
|
|
|a volume
|b nc
|2 rdacarrier
|
| 500 |
|
|
|a Includes index.
|
| 536 |
|
|
|a From the Howard Mayer Brown, Edward Downes, and Mary Schieffelin Book Collections, October 2004.
|
| 650 |
|
0 |
|a Musicians
|v Biography.
|
| 650 |
|
0 |
|a Music
|z England
|x History and criticism.
|
| 700 |
1 |
|
|a Osborn, James M.
|q (James Marshall),
|d 1906-1976,
|e editor.
|
| 994 |
|
|
|a E0
|b TXA
|
| 999 |
|
|
|a MARS
|
| 999 |
f |
f |
|s f9c8ac1a-48de-37b4-815b-ae40ba2d0996
|i 4ea5c0ff-d223-345f-acba-3dfc679734ee
|t 0
|
| 952 |
f |
f |
|p ric
|a Texas A&M University
|b Rellis Campus
|c Joint Library Facility
|s JLF
|d Remote Storage
|t 0
|e ML410.W647 A3
|h Library of Congress classification
|i unmediated -- volume
|m A14832345483
|
| 952 |
f |
f |
|p storage
|a Texas A&M University
|b J.J. Pickle Campus
|c High Density Repository
|s HDR
|d Remote Storage
|t 0
|e ML410.W647 A3
|h Library of Congress classification
|i unmediated -- volume
|m A14801168531
|
| 998 |
f |
f |
|a ML410.W647 A3
|t 0
|l Remote Storage
|
| 998 |
f |
f |
|a ML410.W647 A3
|t 0
|l Remote Storage
|